00867nam a2200193 a 450000100100000000500170001000800410002704000250006808200160009324501210010926000490023030000360027950400650031570000330038004900090041395201140042295201200053699900170065600002676120200930030409.0110325s1971 dr ac 000 0 spa d aDO-SdBNPbspacBNPHU axxxxbP974d00aPsicología y desarrollo personal :buna psicología para el dominicano joven /cJosé Reinaldo Cruz...[et. al.]. aSanto Domingo :bEditora de la Salle,c1971. a177 p. :bil., retrs. ;c22 cm. aIncluye referencias bibliográficas al pie de las páginas12aCruz, José Reinaldo953867 aBNPD 0010718PDaPDbPDcCTd2011-03-25iLF1l0oxxxx P974dp26761-10r2020-06-25w2020-06-25yLFPDZNo se presta 0010718PDaPDbPDcCTd2011-05-23iLF1l0oxxxx P974dp26761-20r2020-06-25te. 2w2020-06-25yLFPDZNo se presta c26253d26253